你願意, 人生就會值得 : (Record no. 7666)
[ view plain ]
| 000 -LEADER | |
|---|---|
| fixed length control field | 00825cam a2200289 i 4500 |
| 001 - CONTROL NUMBER | |
| control field | 545642 |
| 003 - CONTROL NUMBER IDENTIFIER | |
| control field | YEEZEN |
| 005 - DATE AND TIME OF LATEST TRANSACTION | |
| control field | 20250724154333.0 |
| 008 - FIXED-LENGTH DATA ELEMENTS--GENERAL INFORMATION | |
| fixed length control field | 241101s2024 ch a g 000 0 chi d |
| 020 ## - INTERNATIONAL STANDARD BOOK NUMBER | |
| International Standard Book Number | 9789861366968 |
| Qualifying information | (平裝) : |
| Terms of availability | NT$400 |
| 040 ## - CATALOGING SOURCE | |
| Original cataloging agency | NAER |
| Language of cataloging | chi |
| Transcribing agency | TAE |
| Description conventions | CCR |
| 042 ## - AUTHENTICATION CODE | |
| Authentication code | nbic |
| 084 ## - OTHER CLASSIFICATION NUMBER | |
| Classification number | 176.5 |
| 090 ## - LOCALLY ASSIGNED LC-TYPE CALL NUMBER (OCLC); LOCAL CALL NUMBER (RLIN) | |
| Classification number (OCLC) (R) ; Classification number, CALL (RLIN) (NR) | 176.5 |
| 100 1# - MAIN ENTRY--PERSONAL NAME | |
| Personal name | 蔡康永, |
| Relator term | 著 |
| 245 10 - TITLE STATEMENT | |
| Title | 你願意, 人生就會值得 : |
| Remainder of title | 蔡康永的情商課 . |
| Number of part/section of a work | 3 / |
| Statement of responsibility, etc. | 蔡康永著 |
| 246 3# - VARYING FORM OF TITLE | |
| Title proper/short title | 你願意人生就會值得 |
| 246 30 - VARYING FORM OF TITLE | |
| Title proper/short title | 蔡康永的情商課 . |
| Number of part/section of a work | 3. |
| 250 ## - EDITION STATEMENT | |
| Edition statement | 初版 |
| 260 ## - PUBLICATION, DISTRIBUTION, ETC. | |
| Place of publication, distribution, etc. | 臺北市 : |
| Name of publisher, distributor, etc. | 如何, |
| Date of publication, distribution, etc. | 2024.08 |
| 300 ## - PHYSICAL DESCRIPTION | |
| Extent | 282面 : |
| Other physical details | 圖 ; |
| Dimensions | 21公分 |
| 490 1# - SERIES STATEMENT | |
| Series statement | Happy Learning ; |
| Volume/sequential designation | 213. |
| 650 #7 - SUBJECT ADDED ENTRY--TOPICAL TERM | |
| Topical term or geographic name entry element | 情緒商數 |
| Source of heading or term | lcstt. |
| 650 #7 - SUBJECT ADDED ENTRY--TOPICAL TERM | |
| Topical term or geographic name entry element | 情緒管理 |
| Source of heading or term | lcstt. |
| 830 #0 - SERIES ADDED ENTRY--UNIFORM TITLE | |
| Uniform title | Happy Learning ; |
| Volume/sequential designation | 213. |
| 942 ## - ADDED ENTRY ELEMENTS (KOHA) | |
| Source of classification or shelving scheme | 中文圖書分類法 |
| Koha item type | 一般圖書 |
| 撤銷狀態 | 遺失狀態 | 分類號來源 | 損壞狀態 | 不外借 | 永久館藏地 | 現在館藏地 | 書架位置 | 採購日期 | 全部借出 | 全部續借 | 完整索書號 | 條碼號 | 最後一次日期記錄 | Date last checked out | 一般價格有效日期 | Koha館藏類型 | 公開資訊 |
|---|---|---|---|---|---|---|---|---|---|---|---|---|---|---|---|---|---|
| 未註銷館藏 | 未遺失 | 中文圖書分類法 | 未損毀 | 可外借 | 怡仁綜合醫院圖書館 | 怡仁綜合醫院圖書館 | 2025-07-24 | 9 | 3 | 176.5 | C03252 | 2026-03-02 | 2026-02-23 | 2025-07-24 | 一般圖書 | 這本《你願意,人生就會值得》,則談情商要像水滴般的累積,而不是一躍過龍門。那些一步登天的美麗傳說,確實會發生在某些人身上,但通常那樣的故事,背後總是藏了不少其他的原因,只是被講得像一步登天而已。 |